| 000 | 00660nam a2200193 a 4500 | ||
|---|---|---|---|
| 001 | BRCA_452 | ||
| 003 | FranzMayer | ||
| 005 | 20230918125912.0 | ||
| 008 | 041207s2005----mx-a---###---#000-0#spa-# | ||
| 040 | _cmfm | ||
| 050 | 4 |
_aNK4031 _b.B54 2 |
|
| 245 | 1 | 0 |
_a2 [i.e. Segunda] Bienal de Cerámica Utilitaria _bMuseo Franz Mayer. |
| 260 |
_aMéxico _bMuseo Franz Mayer _c2005 |
||
| 300 |
_a57 p. _bil. a color _c22 cm. |
||
| 500 | _aUn ejemplar en Anexo 1 | ||
| 500 | _aCatálogo de la exposición realizada en el Museo Franz Mayer (Ciudad de México), 24 febrero - 22 mayo, 2005 | ||
| 650 | 1 | 4 |
_aCerámica mexicana _vExposiciones _ySiglo XXI _91553 |
| 942 |
_2lcc _cB |
||
| 999 |
_c387 _d387 |
||